000 00757nam a2200253Ia 4500
003 OSt
005 20220928104220.0
006 a|||||r|||| 00| 0
007 ta
008 220927b |||||||| |||| 00| 0 hin d
020 _cINR 1000.00
024 _a142908
037 _b95, 06/03/2020, Rupa Prkashan
_cTextual
040 _aSDCL
_cSDCL
_bhin
041 _2hin
_ahin
082 _aO152,3N36:g, Q7
100 _aPatel Bipinbhai M.
_9409659
245 0 _aGiriraj kishore ke upniyaso main yugbodh
260 _aNew Delhi
_bCyber Tech Publishing
_c2017
300 _a272p.
_ccm.
650 _aHindi
_9391598
942 _hO152,3N36:g, Q7
_cTEXL
_2CC
999 _c725223
_d725223